[Event "SVM_Verbandsliga_West_2023-24"]
[Site "?"]
[Date "2023.12.10"]
[Round "4.1"]
[White "Weinkauf, Viktor"]
[Black "Kellerwessel, Ralf"]
[Result "1-0"]
[WhiteElo "1886"]
[BlackElo "1895"]
[PlyCount "79"]
[EventDate "2023.09.03"]
[EventType "team-tourn"]
[EventRounds "9"]
[EventCountry "GER"]
[WhiteTeam "Aachener SV 3"]
[BlackTeam "Tigerli Aachen 1"]

1. c4 e6 2. Nc3 d5 3. d4 Nf6 4. cxd5 exd5 5. Bg5 Be7 6. e3 O-O 7. Bd3 c6 8. Nge2 Nbd7 9. Qc2 Re8 10. h3 Ne4 11. Bxe4 dxe4 12. Bxe7 Qxe7 13. O-O Nf6 14. Rfd1 b6 15. Qa4 Bb7 16. b4 Nd5 17. Nxd5 cxd5 18. Rac1 a5 19. bxa5 Ba6 20. Nc3 Bc4 21. Rb1 Rxa5 22. Qc6 Qe6 23. Rxb6 Qxc6 24. Rxc6 Rb8 25. Nxe4 Rxa2 26. Nd6 Be2 27. Rdc1 g6 28. Rc8+ Rxc8 29. Rxc8+ Kg7 30. Rc7 Ra1+ 31. Kh2 Rf1 32. Kg3 h5 33. h4 Rg1 34. Nxf7 Kg8 35. Ng5 Bf1 36. Rc8+ Kg7 37. Ne6+ Kf6 38. Nf4 g5 39. hxg5+ Kxg5 40. Kh2 1-0

[Event "SVM_Verbandsliga_West_2023-24"]
[Site "?"]
[Date "2023.12.10"]
[Round "4.2"]
[White "Schuller, Bernd"]
[Black "Geerling, Anton"]
[Result "0-1"]
[WhiteElo "1777"]
[BlackElo "1935"]
[PlyCount "68"]
[EventDate "2023.09.03"]
[EventType "team-tourn"]
[EventRounds "9"]
[EventCountry "GER"]
[WhiteTeam "Tigerli Aachen 1"]
[BlackTeam "Aachener SV 3"]

1. d4 Nf6 2. c4 g6 3. Nc3 d5 4. cxd5 Nxd5 5. e4 Nxc3 6. bxc3 Bg7 7. Nf3 c5 8. Be2 O-O 9. Rb1 Nc6 10. d5 Bxc3+ 11. Bd2 Bxd2+ 12. Qxd2 Nb8 13. h4 e6 14. h5 g5 15. Nxg5 exd5 16. exd5 b6 17. Rb3 Qf6 18. O-O Bf5 19. Rg3 Kh8 20. Qf4 Nd7 21. Rf3 Rg8 22. Qxf5 Qxg5 23. Qxg5 Rxg5 24. Rxf7 Rd8 25. f4 Rxd5 26. Bf3 Rd4 27. Re1 Rf8 28. Ree7 Rxf7 29. Rxf7 c4 30. h6 Kg8 31. Re7 c3 32. Be4 Kf8 33. Rxh7 Rxe4 34. Rxd7 c2 0-1

[Event "SVM_Verbandsliga_West_2023-24"]
[Site "?"]
[Date "2023.12.10"]
[Round "4.3"]
[White "Roefe, Detlef"]
[Black "Wagner, Alfred"]
[Result "1-0"]
[WhiteElo "1887"]
[BlackElo "1754"]
[PlyCount "77"]
[EventDate "2023.09.03"]
[EventType "team-tourn"]
[EventRounds "9"]
[EventCountry "GER"]
[WhiteTeam "Aachener SV 3"]
[BlackTeam "Tigerli Aachen 1"]

1. e4 c5 2. Nf3 d6 3. c3 Nf6 4. d3 Nc6 5. h3 e6 6. g3 Be7 7. Bg2 O-O 8. O-O Qc7 9. Re1 b5 10. Na3 a6 11. d4 cxd4 12. Nxd4 Bb7 13. Nac2 Rfd8 14. Qe2 Na5 15. a4 bxa4 16. Rxa4 e5 17. Nf5 Bf8 18. Bg5 Nb3 19. Rc4 Qd7 20. Rb4 Nc5 21. Bxf6 gxf6 22. Rd1 a5 23. Rb6 Qc7 24. Qg4+ Kh8 25. Rbxd6 Rxd6 26. Rxd6 Ne6 27. Rd2 Rd8 28. Rxd8 Qxd8 29. Qe2 Qb6 30. Nce3 Ng7 31. Nh6 Qc7 32. Qg4 Bc8 33. Nxf7+ Kg8 34. Nh6+ Kh8 35. Nef5 Be6 36. Qh4 Nxf5 37. exf5 Bb3 38. Qxf6+ Bg7 39. Qa6 {Zeitüberschreitung} 1-0

[Event "SVM_Verbandsliga_West_2023-24"]
[Site "?"]
[Date "2023.12.10"]
[Round "4.4"]
[White "Greim, Roman"]
[Black "Thiemann, Marc"]
[Result "0-1"]
[WhiteElo "1776"]
[BlackElo "1871"]
[PlyCount "86"]
[EventDate "2023.09.03"]
[EventType "team-tourn"]
[EventRounds "9"]
[EventCountry "GER"]
[WhiteTeam "Tigerli Aachen 1"]
[BlackTeam "Aachener SV 3"]

1. e4 c5 2. Nf3 d6 3. c4 Nf6 4. Nc3 Nc6 5. d4 cxd4 6. Nxd4 g6 7. Be2 Bg7 8. Be3 O-O 9. O-O Bd7 10. Kh1 Rc8 11. Rc1 Ne5 12. b3 Neg4 13. Bg5 Qb6 14. h3 h6 15. Bh4 g5 16. Bg3 Nh5 17. Nd5 Nxg3+ 18. fxg3 Qxd4 19. Nxe7+ Kh8 20. Qxd4 Bxd4 21. Bxg4 Bxg4 22. hxg4 Rce8 23. Nf5 Bc5 24. Rfe1 Re6 25. Rcd1 Rfe8 26. Re2 Rf6 27. Rde1 {(=)} Re5 28. Rd1 h5 29. Rd5 Rxd5 30. cxd5 hxg4 31. Rc2 Kh7 32. Rxc5 dxc5 33. d6 Rg6 34. e5 Rg8 35. Kg1 Re8 36. Ne7 Kg7 37. Kf2 Kf8 38. e6 Rxe7 39. d7 Rxd7 40. exd7 Ke7 41. d8=Q+ Kxd8 42. Ke3 Ke7 43. Kd3 b5 0-1

[Event "SVM_Verbandsliga_West_2023-24"]
[Site "?"]
[Date "2023.12.10"]
[Round "4.6"]
[White "Heiermann, Peter"]
[Black "Yanes, Adrian"]
[Result "1-0"]
[WhiteElo "1621"]
[BlackElo "1679"]
[PlyCount "117"]
[EventDate "2023.09.03"]
[EventType "team-tourn"]
[EventRounds "9"]
[EventCountry "GER"]
[WhiteTeam "Tigerli Aachen 1"]
[BlackTeam "Aachener SV 3"]

1. d4 d5 2. Bf4 Nf6 3. Nf3 Bf5 4. c3 e6 5. Nbd2 Bd6 6. Ne5 O-O 7. h3 h6 8. e3 Nbd7 9. Ndf3 Ne4 10. Bd3 f6 11. Nxd7 Qxd7 12. Bxd6 Nxd6 13. g4 Bxd3 14. Qxd3 Ne4 15. Rg1 Rac8 16. Nd2 f5 17. gxf5 Nxd2 18. Qxd2 Rxf5 19. O-O-O Rf3 20. Rg2 Rcf8 21. Rdg1 R8f7 22. Qe2 Qe7 23. Rxg7+ Rxg7 24. Rxg7+ Qxg7 25. Qxf3 Qg1+ 26. Kc2 Qg6+ 27. Kb3 a5 28. a4 c6 29. Qf4 Qg7 30. Qd6 Qf7 31. Qd8+ Kg7 32. f4 Qf5 33. Qc7+ Kg6 34. Qxb7 Qxh3 35. Qxc6 Qxe3 36. Qe8+ Kf6 37. Qd8+ Kf5 38. Qxa5 Qxf4 39. Qd8 Qd2 40. Qf8+ Kg6 41. Qe8+ Kf6 42. Qh5 Ke7 43. Qf3 Kd6 44. Qf8+ Kd7 45. Qf7+ Kd6 46. Qb7 Qd1+ 47. Kb4 Qe2 48. b3 Qh5 49. Qb6+ Ke7 50. a5 Qe8 51. a6 Kf6 52. a7 Qe7+ 53. Qc5 Qb7+ 54. Ka5 Qxb3 55. Qb4 Qa2+ 56. Kb6 h5 57. Qf8+ Kg5 58. a8=Q Qb2+ 59. Qb4 1-0

[Event "SVM_Verbandsliga_West_2023-24"]
[Site "?"]
[Date "2023.12.10"]
[Round "4.7"]
[White "Hermann, David"]
[Black "Terlaak, Michael"]
[Result "1-0"]
[WhiteElo "1753"]
[BlackElo "1511"]
[PlyCount "72"]
[EventDate "2023.09.03"]
[EventType "team-tourn"]
[EventRounds "9"]
[EventCountry "GER"]
[WhiteTeam "Aachener SV 3"]
[BlackTeam "Tigerli Aachen 1"]

1. e4 g6 2. d4 Bg7 3. Nc3 d6 4. Be3 a6 5. Qd2 e6 6. O-O-O Ne7 7. Bh6 Bf6 8. Nf3 Ng8 9. Be3 h6 10. Be2 g5 11. Ne1 Bd7 12. f4 gxf4 13. Bxf4 Bg5 14. Rf1 e5 15. dxe5 dxe5 16. Bxg5 Qxg5 17. Nd5 Qxd2+ 18. Rxd2 Kf8 19. Bh5 Rh7 20. Nd3 Nc6 21. Nc5 f5 22. Nxc7 Nd4 23. Nxa8 f4 24. c3 Bb5 25. Rfd1 Nf6 26. Bg6 Rg7 27. cxd4 Rxg6 28. d5 Ng4 29. d6 Ne3 30. d7 Bxd7 31. Nxd7+ Ke7 32. Nxe5 Re6 33. Rd7+ Kf6 34. Nf3 Rc6+ 35. Kb1 Nxd1 36. Rxd1 Ke7 {Hier geschah wohl illegalerweise 37.Sf3-d5+ und die Partie endete nach 37...Ke6 38.Tc1 Td6 39.Sac7+ Ke5 40.Se8 Tg6 41.Tc7 Kxe4 42.Sc3+ Kd3 43.Kc1 b5 44.Td7+ Kc4 45.Sd6+ Kb4 46.Sb7 Tc6 47.Kc2.} 1-0

[Event "SVM_Verbandsliga_West_2023-24"]
[Site "?"]
[Date "2023.12.10"]
[Round "4.8"]
[White "Kleistra, Michel"]
[Black "Wenzke, Elias"]
[Result "0-1"]
[WhiteElo "1465"]
[BlackElo "1840"]
[PlyCount "90"]
[EventDate "2023.09.03"]
[EventType "team-tourn"]
[EventRounds "9"]
[EventCountry "GER"]
[WhiteTeam "Tigerli Aachen 1"]
[BlackTeam "Aachener SV 3"]

1. c4 e6 2. g3 Nf6 3. Bg2 d5 4. e3 dxc4 5. Qa4+ Bd7 6. Qxc4 Bc6 7. Nf3 Nbd7 8. d4 a6 9. a3 Bd6 10. Nc3 O-O 11. O-O Rb8 12. Qd3 Nd5 13. Re1 Nxc3 14. bxc3 b5 15. e4 e5 16. Bb2 Re8 17. Nh4 Nb6 18. Nf5 Bf8 19. Ne3 Bb7 20. Red1 Na4 21. Bc1 exd4 22. cxd4 c5 23. d5 c4 24. Qc2 Nc5 25. Bb2 a5 26. Nf5 Rc8 27. Qc3 f6 28. Qc2 Nb3 29. Rab1 b4 30. axb4 axb4 31. Ba1 Nxa1 32. Rxa1 Qb6 33. d6 Rc5 34. Qe2 b3 35. Qg4 Kh8 36. Nd4 Rg5 37. Qd7 Rd8 38. Qxb7 Qxb7 39. Ne6 Rxd6 40. Nxg5 b2 41. e5 Rxd1+ 42. Rxd1 b1=Q 43. Rxb1 Qxb1+ 44. Bf1 fxg5 45. Kg2 c3 0-1

[Event "SVM_Verbandsliga_West_2023-24"]
[Site "?"]
[Date "2023.12.10"]
[Round "4.1"]
[White "Sautter, Joshua"]
[Black "Bien, Stefan"]
[Result "0-1"]
[WhiteElo "2031"]
[BlackElo "2055"]
[PlyCount "130"]
[EventDate "2023.09.03"]
[EventType "team-tourn"]
[EventRounds "9"]
[EventCountry "GER"]
[WhiteTeam "SV Lendersdorf 1"]
[BlackTeam "SV Horrem 1"]

1. e4 c6 2. d4 d5 3. Nd2 dxe4 4. Nxe4 Bf5 5. Ng3 Bg6 6. h4 h6 7. Nf3 Nd7 8. h5 Bh7 9. Bd3 Bxd3 10. Qxd3 e6 11. Bd2 Ngf6 12. O-O-O Qc7 13. Ne4 Nxe4 14. Qxe4 Nf6 15. Qe2 Bd6 16. g3 O-O-O 17. c4 c5 18. Bc3 cxd4 19. Nxd4 a6 20. Kb1 Bc5 {(=)} 21. Nb3 Rxd1+ 22. Rxd1 Rd8 23. Rxd8+ Kxd8 24. Nxc5 Qxc5 25. g4 Qc6 26. f3 Ke7 27. Qd3 b5 28. Bb4+ Ke8 29. b3 bxc4 30. Qxc4 Qxc4 31. bxc4 g6 32. Bc3 Ng8 33. c5 Kd7 34. Bg7 gxh5 35. gxh5 Kc6 36. Bd4 Kd5 37. Be3 Nf6 38. Bxh6 Nxh5 39. Be3 Ng7 40. Kc2 Nf5 41. Bf2 Ne7 42. Kc3 Nc6 43. Be3 e5 44. f4 (44. a3) 44... Ke4 45. Bg1 Kxf4 46. Kc4 Ke4 47. a3 f5 48. Bf2 f4 49. Bg1 f3 50. Bf2 Nd4 51. Bg1 Nc6 52. Bf2 Ne7 53. Bg1 Kf5 54. Kd3 Nc6 55. Ke3 e4 56. Bh2 Ke6 57. Bg1 Kd5 58. Kf4 Nd4 59. Ke3 Nc2+ 60. Kd2 Nxa3 61. Kc3 Nb5+ 62. Kb4 Nc7 63. Ka5 Kc6 64. Bf2 Nd5 65. Kxa6 e3 0-1

[Event "SVM_Verbandsliga_West_2023-24"]
[Site "?"]
[Date "2023.12.10"]
[Round "4.2"]
[White "Hannaske, Arno"]
[Black "Chraibi, Mohcine"]
[Result "1/2-1/2"]
[WhiteElo "2097"]
[BlackElo "1996"]
[PlyCount "132"]
[EventDate "2023.09.03"]
[EventType "team-tourn"]
[EventRounds "9"]
[EventCountry "GER"]
[WhiteTeam "SV Horrem 1"]
[BlackTeam "SV Lendersdorf 1"]

1. e4 c5 2. Nf3 g6 3. d4 cxd4 4. Qxd4 Nf6 5. Nc3 Nc6 6. Qa4 Bg7 7. e5 Ng8 8. Bf4 Nh6 9. Bb5 Ng4 10. Bxc6 dxc6 11. h3 Nh6 12. O-O O-O 13. Rfe1 b5 14. Qe4 Qb6 15. Be3 Qc7 16. Nxb5 Qb7 17. Nbd4 c5 18. Qh4 Nf5 19. Nxf5 Bxf5 20. Bxc5 Rfe8 21. e6 f6 22. b4 Bxc2 23. Rac1 Ba4 24. Nd4 a6 25. Rc3 Red8 26. Rg3 Rd5 27. Qe4 Rb8 28. Ra3 Re5 29. Qb1 Be8 30. Rxe5 fxe5 31. Nf3 e4 32. Ng5 Qd5 33. Nxe4 Bc6 34. f3 Bd4+ 35. Bxd4 Qxd4+ 36. Kh1 Rxb4 37. Rb3 a5 38. a3 Ra4 39. Qc1 Bxe4 40. fxe4 Kg7 41. Rf3 Rc4 42. Rf7+ Kg8 43. Qf4 Qd1+ 44. Kh2 Qd6 45. e5 Qc7 46. Qg5 Rc5 47. Rxe7 Qxe5+ 48. Qxe5 Rxe5 49. Ra7 Rxe6 50. Rxa5 Kg7 51. h4 Kh6 52. Kh3 Re3+ 53. g3 Rc3 54. Ra8 Rd3 55. a4 Ra3 56. Kg4 Ra2 57. Kf4 Rb2 58. Re8 Rf2+ 59. Ke3 Ra2 60. Re4 Kh5 61. Rb4 h6 62. Kf3 Ra3+ 63. Kg2 Ra2+ 64. Kh3 Ra3 65. a5 g5 66. Rb5 Ra4 1/2-1/2

[Event "SVM_Verbandsliga_West_2023-24"]
[Site "?"]
[Date "2023.12.10"]
[Round "4.3"]
[White "Voulon, Oliver"]
[Black "Schulz, Wilhelm"]
[Result "0-1"]
[WhiteElo "1950"]
[BlackElo "2009"]
[PlyCount "72"]
[EventDate "2023.09.03"]
[EventType "team-tourn"]
[EventRounds "9"]
[EventCountry "GER"]
[WhiteTeam "SV Lendersdorf 1"]
[BlackTeam "SV Horrem 1"]

1. d4 Nf6 2. Nf3 e6 3. g3 b6 4. Bg2 Bb7 5. O-O Be7 6. c4 c5 7. dxc5 bxc5 8. Nc3 O-O 9. b3 Na6 10. Bb2 d6 11. Re1 Qb6 12. e4 Rad8 13. a3 Nb8 14. Qc2 Nc6 15. Na4 Qc7 16. Rad1 e5 17. Nc3 Nd4 18. Nxd4 cxd4 19. Nd5 Nxd5 20. exd5 Bc8 21. Qe2 Rfe8 22. f4 f6 23. b4 Bf8 24. fxe5 fxe5 25. Be4 g6 26. Qd3 Bg4 27. Rc1 Bh6 28. Rc2 Rf8 29. Bc1 Qg7 30. c5 Rf6 31. c6 Rdf8 32. c7 Bc8 33. b5 Bxc1 34. Rexc1 Qf7 35. Rf1 Rxf1+ 36. Qxf1 Qxf1# 0-1

[Event "SVM_Verbandsliga_West_2023-24"]
[Site "?"]
[Date "2023.12.10"]
[Round "4.4"]
[White "Krings, Thomas"]
[Black "Hinz, Holger"]
[Result "1/2-1/2"]
[WhiteElo "2016"]
[BlackElo "1957"]
[PlyCount "83"]
[EventDate "2023.09.03"]
[EventType "team-tourn"]
[EventRounds "9"]
[EventCountry "GER"]
[WhiteTeam "SV Horrem 1"]
[BlackTeam "SV Lendersdorf 1"]

1. e4 e6 2. d4 d5 3. exd5 exd5 4. Nf3 Nc6 5. Bb5 Bd7 6. O-O Nf6 7. Re1+ Be7 8. Qe2 a6 9. Bxc6 Bxc6 10. Nc3 Ne4 11. Nxe4 dxe4 12. Ne5 Qxd4 13. Nxc6 bxc6 14. Qxe4 Qxe4 15. Rxe4 O-O-O 16. Be3 Bd6 17. Kf1 Rhe8 18. Rxe8 Rxe8 19. h3 f5 20. Bd4 g6 21. Rd1 Re4 22. Bc3 Ra4 23. a3 Rf4 24. Rd3 Re4 25. Rd4 Re6 26. Rh4 h5 27. Rc4 Kb7 28. g4 hxg4 29. hxg4 fxg4 30. Rxg4 c5 31. Bd2 Kc6 32. Be3 Be5 33. b3 Bd6 34. Ke2 Be7 35. Kd3 Bf8 36. Ra4 Kb5 37. Rc4 Re5 38. a4+ Kc6 39. Rf4 Be7 40. Rf7 Re6 41. Rg7 Kd5 42. Rg8 {(=)} 1/2-1/2

[Event "SVM_Verbandsliga_West_2023-24"]
[Site "?"]
[Date "2023.12.10"]
[Round "4.5"]
[White "Flatten, Arnold"]
[Black "Allatif, Kinan"]
[Result "0-1"]
[WhiteElo "2044"]
[BlackElo "1894"]
[PlyCount "91"]
[EventDate "2023.09.03"]
[EventType "team-tourn"]
[EventRounds "9"]
[EventCountry "GER"]
[WhiteTeam "SV Lendersdorf 1"]
[BlackTeam "SV Horrem 1"]

1. e4 c6 2. d4 d6 3. f4 Qc7 4. Nf3 Bg4 5. h3 Bxf3 6. Qxf3 e5 7. fxe5 dxe5 8. c3 Nd7 9. Bc4 Ngf6 10. O-O Bd6 11. Be3 O-O 12. Nd2 b5 13. Be2 Rfe8 14. Qf5 Rad8 15. Rf2 Qc8 16. g4 Nf8 17. Qf3 Ng6 18. Bg5 Be7 19. Be3 Bd6 20. h4 Nxh4 21. Qh3 Ng6 22. Raf1 exd4 23. Bxd4 Be5 24. Be3 Rxd2 25. Bxd2 Nxe4 26. Bd3 Nxf2 27. Rxf2 Bc7 28. Bf5 Qd8 29. Be3 Rxe3 30. Qxe3 Bb6 31. Qe2 Nf4 32. Qf3 Bxf2+ 33. Kxf2 Qd2+ 34. Kf1 Qc1+ 35. Kf2 Qxb2+ 36. Kg3 Ne2+ 37. Kh4 Qd2 38. g5 h6 39. Bh7+ Kf8 40. gxh6 Qxh6+ 41. Kg4 g6 42. Bxg6 Qxg6+ 43. Kh4 Qe6 44. a4 bxa4 45. c4 Qxc4+ 46. Kh5 0-1

[Event "SVM_Verbandsliga_West_2023-24"]
[Site "?"]
[Date "2023.12.10"]
[Round "4.6"]
[White "Fuhs, Jürgen"]
[Black "Grünich, Andreas"]
[Result "1-0"]
[WhiteElo "2070"]
[BlackElo "1826"]
[PlyCount "105"]
[EventDate "2023.09.03"]
[EventType "team-tourn"]
[EventRounds "9"]
[EventCountry "GER"]
[WhiteTeam "SV Horrem 1"]
[BlackTeam "SV Lendersdorf 1"]

1. e4 c5 2. Nf3 Nc6 3. d3 e6 4. Nbd2 Nf6 5. g3 Be7 6. Bg2 O-O 7. O-O d6 8. Re1 e5 9. c3 Bg4 10. Qc2 Rc8 11. Nf1 b5 12. h3 Bd7 13. Ne3 Be6 14. Ng5 Qd7 15. Nxe6 Qxe6 16. Kh2 Rb8 17. Nd5 Bd8 18. Be3 Ne7 19. Nxf6+ Qxf6 20. Rf1 Ng6 21. Qe2 Bb6 22. h4 Qd8 23. Bh3 Ne7 24. Bg5 f6 25. Bd2 Kh8 26. f4 Qc7 27. Be6 Rbd8 {(=)} 28. Qf3 Rde8 29. f5 Nc6 30. g4 Rxe6 31. fxe6 Qe7 32. g5 Qxe6 33. gxf6 Rxf6 34. Qh3 Qxh3+ 35. Kxh3 Rxf1 36. Rxf1 Kg8 37. Rf3 h6 38. Kg4 Ne7 39. Be1 a5 40. Bf2 g6 41. Rf6 Bc7 42. d4 exd4 43. cxd4 Kg7 44. Rf3 Nc6 45. Rc3 b4 46. Rc2 h5+ 47. Kh3 b3 48. axb3 Nb4 49. Rc3 Na6 50. dxc5 dxc5 51. Bxc5 Be5 52. Rc4 Bxb2 53. Bb6 1-0

[Event "SVM_Verbandsliga_West_2023-24"]
[Site "?"]
[Date "2023.12.10"]
[Round "4.7"]
[White "Liebe, Uwe"]
[Black "Reinhardt, Ingo"]
[Result "0-1"]
[WhiteElo "1786"]
[BlackElo "1775"]
[PlyCount "84"]
[EventDate "2023.09.03"]
[EventType "team-tourn"]
[EventRounds "9"]
[EventCountry "GER"]
[WhiteTeam "SV Lendersdorf 1"]
[BlackTeam "SV Horrem 1"]

1. e4 d6 2. Nf3 Nf6 3. d3 g6 4. Be2 Bg7 5. Bg5 h6 6. Bd2 O-O 7. Qc1 Kh7 8. h3 c5 9. g4 Ng8 10. g5 h5 11. Bc3 e5 12. Bd2 Be6 13. Qd1 Ne7 14. Nh4 Nbc6 15. Bxh5 gxh5 16. Qxh5+ Kg8 17. c3 d5 18. Na3 b5 19. Ke2 dxe4 20. dxe4 b4 21. Nc2 Bc4+ 22. Ke1 Qd3 23. Ne3 Qxe4 24. f3 Qd3 25. Nxc4 Qxc4 26. Rg1 Qd3 27. Rd1 Rad8 28. Kf2 Ng6 29. Qg4 Nxh4 30. Qxh4 bxc3 31. bxc3 Qf5 32. Qa4 Rd6 33. Be3 Rfd8 34. Rxd6 Rxd6 35. Rg4 Qd7 36. h4 Nd8 37. Qc4 Ne6 38. g6 f5 39. Rg5 f4 40. Bxc5 Rc6 41. Rf5 Rxc5 42. Qb3 Rb5 0-1

[Event "SVM_Verbandsliga_West_2023-24"]
[Site "?"]
[Date "2023.12.10"]
[Round "4.8"]
[White "Olschewski, Martin"]
[Black "Diel, Alexander"]
[Result "1/2-1/2"]
[WhiteElo "1653"]
[BlackElo "1793"]
[PlyCount "79"]
[EventDate "2023.09.03"]
[EventType "team-tourn"]
[EventRounds "9"]
[EventCountry "GER"]
[WhiteTeam "SV Horrem 1"]
[BlackTeam "SV Lendersdorf 1"]

1. Nf3 Nf6 2. g3 d5 3. Bg2 e6 4. O-O Be7 5. d3 O-O 6. Nbd2 Nbd7 7. e4 dxe4 8. dxe4 Bc5 9. b3 b5 10. Re1 Nh5 11. Nf1 c6 12. e5 Qb6 13. Be3 g6 14. g4 Bxe3 15. Nxe3 Nf4 16. Qd2 Nxg2 17. Nxg2 Kg7 18. Rad1 Qd8 19. Qd6 c5 20. g5 a5 21. h4 Ra6 22. Qd2 Bb7 23. Nh2 Bd5 24. Nf4 Nb6 25. Nxd5 Nxd5 26. Ng4 Qa8 27. Nf6 Ne7 28. Qf4 Nf5 29. Rd7 Ra7 30. Red1 Rxd7 31. Rxd7 Rd8 32. h5 gxh5 33. Rxd8 Qxd8 34. Nxh5+ Kg6 35. Nf6 Qd1+ 36. Kg2 Qxc2 37. Qh2 Kxg5 38. Qh5+ Kf4 39. Qh2+ Kg5 40. Qh5+ {(=)} 1/2-1/2

[Event "SVM_Verbandsliga_West_2023-24"]
[Site "?"]
[Date "2023.12.10"]
[Round "4.1"]
[White "Whitmire, James David"]
[Black "Röder, Matthias"]
[Result "1-0"]
[WhiteElo "1968"]
[BlackElo "2337"]
[PlyCount "81"]
[EventDate "2023.09.03"]
[EventType "team-tourn"]
[EventRounds "9"]
[EventCountry "GER"]
[WhiteTeam "PTSV Aachen 1"]
[BlackTeam "SF Brand 1"]

1. d4 d5 2. Nf3 e6 3. a3 Nf6 4. e3 g6 5. c4 Bg7 6. Nc3 O-O 7. Qc2 b6 8. Bd2 Bb7 9. Rc1 Nbd7 10. cxd5 exd5 11. Nb5 c5 12. Nd6 Qb8 13. Nxb7 Qxb7 14. Qa4 c4 15. b3 b5 16. Qa5 Ne4 17. Be2 a6 18. bxc4 dxc4 19. O-O Nb6 20. Bb4 Rfe8 21. Nd2 f5 22. Nxe4 fxe4 23. Rfd1 Qc6 24. d5 Nxd5 25. Bxc4 bxc4 26. Rxd5 Bf8 27. Bxf8 Rxf8 28. Rd4 Qf6 29. Rc2 Rad8 30. Qc5 Rc8 31. Qd5+ Kh8 32. Qxe4 Rfd8 33. Rcxc4 Rf8 34. Qf4 Qe7 35. Rxc8 Rxc8 36. h3 a5 37. a4 Rf8 38. Qd6 Qxd6 39. Rxd6 Rf5 40. Rd7 Rc5 41. Ra7 1-0

[Event "SVM_Verbandsliga_West_2023-24"]
[Site "?"]
[Date "2023.12.10"]
[Round "4.2"]
[White "Meissner, Thomas"]
[Black "Esser, Thomas"]
[Result "1/2-1/2"]
[WhiteElo "1984"]
[BlackElo "2089"]
[PlyCount "67"]
[EventDate "2023.09.03"]
[EventType "team-tourn"]
[EventRounds "9"]
[EventCountry "GER"]
[WhiteTeam "SF Brand 1"]
[BlackTeam "PTSV Aachen 1"]

1. d4 Nf6 2. Nf3 g6 3. c4 Bg7 4. Nc3 d5 5. e3 O-O 6. Bd3 c5 7. O-O cxd4 8. exd4 Nc6 9. Be3 Nb4 10. Be2 dxc4 11. Bxc4 b6 12. Qe2 Bb7 13. Ne5 e6 14. Rac1 Qe7 15. Rfd1 Rfd8 16. Bg5 h6 17. Be3 Kh7 18. a3 Nbd5 19. Bd3 Rac8 20. Nxd5 Nxd5 21. Be4 Nxe3 22. Qxe3 Rxc1 23. Rxc1 Kg8 24. f4 Bxe4 25. Qxe4 Qd6 26. Rd1 Qd5 27. Qe3 Rc8 28. Kf2 g5 29. Rd2 Rc1 30. fxg5 hxg5 31. Qf3 Qxf3+ 32. Nxf3 g4 33. Ne5 f5 34. g3 {(=)} 1/2-1/2

[Event "SVM_Verbandsliga_West_2023-24"]
[Site "?"]
[Date "2023.12.10"]
[Round "4.3"]
[White "Brüggemann, Frank"]
[Black "Wendland, Guido"]
[Result "1-0"]
[WhiteElo "2003"]
[BlackElo "1832"]
[PlyCount "77"]
[EventDate "2023.09.03"]
[EventType "team-tourn"]
[EventRounds "9"]
[EventCountry "GER"]
[WhiteTeam "PTSV Aachen 1"]
[BlackTeam "SF Brand 1"]

1. e4 Nf6 2. e5 Nd5 3. d4 d6 4. c4 Nb6 5. exd6 cxd6 6. Be3 g6 7. Nc3 Bg7 8. Nf3 O-O 9. Be2 Bg4 10. Rc1 Nc6 11. b3 d5 12. c5 Nc8 13. O-O e6 14. Ne1 Bxe2 15. Nxe2 N8e7 16. Nf3 Nf5 17. Bf4 Qd7 18. Qd2 f6 19. Ng3 Nxg3 20. Bxg3 e5 21. dxe5 fxe5 22. Rfe1 Rae8 23. Re4 Nd4 24. Nxe5 Nxb3 25. axb3 Qe6 26. Ree1 d4 27. Nc4 Qd5 28. Rxe8 Rxe8 29. Re1 Rc8 30. Bd6 Bf6 31. Qe2 Kf7 32. Ne5+ Kg7 33. Qc4 Qxc4 34. Nxc4 Kf7 35. f4 h6 36. Kf2 g5 37. f5 h5 38. Re6 g4 39. Be5 1-0

[Event "SVM_Verbandsliga_West_2023-24"]
[Site "?"]
[Date "2023.12.10"]
[Round "4.4"]
[White "Bozidarevic, Slobodjan"]
[Black "Müller, Norbert"]
[Result "1-0"]
[WhiteElo "1856"]
[BlackElo "2051"]
[PlyCount "163"]
[EventDate "2023.09.03"]
[EventType "team-tourn"]
[EventRounds "9"]
[EventCountry "GER"]
[WhiteTeam "SF Brand 1"]
[BlackTeam "PTSV Aachen 1"]

1. b3 e5 2. Bb2 d6 3. c4 Nc6 4. Nc3 f5 5. e3 Nf6 6. d4 g6 7. dxe5 Nxe5 8. Nf3 Nxf3+ 9. Qxf3 Bg7 10. O-O-O Qe7 11. Bd3 O-O 12. Rhe1 {(=)} Ng4 13. h3 Ne5 14. Qe2 Nxd3+ 15. Qxd3 Be6 16. Kb1 Rad8 17. Nd5 Qf7 18. Bxg7 Qxg7 19. Qd4 Qxd4 20. Rxd4 Bxd5 21. cxd5 c5 22. dxc6 bxc6 23. Red1 d5 24. Rc1 Rf6 25. Ra4 Rd7 26. Ra6 Rc7 27. Rc5 Rd6 28. Kc2 Kf7 29. Kd3 g5 30. g3 h6 31. Kd4 Ke6 32. b4 Rb7 33. a3 Rc7 34. Rca5 Rdd7 35. Kc5 d4 36. exd4 Rd5+ 37. Kc4 Rxa5 38. Rxa5 Rd7 39. Ra6 Rc7 40. Kc5 Kd7 41. d5 cxd5+ 42. Kxd5 h5 43. Rh6 Rc2 44. Rxh5 Rd2+ 45. Ke5 Rxf2 46. Rxg5 Rf3 47. Rg7+ Kc6 48. Rxa7 Rxg3 49. h4 Rh3 50. Kxf5 Rxh4 51. Ke5 Kb6 52. Ra8 Kb7 53. Ra4 Rc4 54. Kd5 Rc3 55. Kd4 Rc1 56. Ra5 Kb6 57. a4 Rc2 58. Rh5 Rc1 59. Rh6+ Kb7 60. a5 Rg1 61. Kc4 Rg4+ 62. Kb5 Rg5+ 63. Ka4 Rg1 64. a6+ Ka7 65. Ka5 Ra1+ 66. Kb5 Rb1 67. Rh7+ Ka8 68. Ka5 Kb8 69. b5 Rg1 70. Rh6 Rg8 71. Kb6 Ka8 72. Rh5 Rb8+ 73. Ka5 Rg8 74. b6 Rf8 75. Rc5 Rh8 76. Kb5 Rg8 77. Rd5 Rh8 78. Rd7 Rg8 79. Kc6 Rh8 80. Re7 Rh6+ 81. Kc7 Rh8 82. Kd7 1-0

[Event "SVM_Verbandsliga_West_2023-24"]
[Site "?"]
[Date "2023.12.10"]
[Round "4.5"]
[White "Schulten, Berthold"]
[Black "Weischenberg, Jürgen"]
[Result "1/2-1/2"]
[WhiteElo "1883"]
[BlackElo "1820"]
[PlyCount "36"]
[EventDate "2023.09.03"]
[EventType "team-tourn"]
[EventRounds "9"]
[EventCountry "GER"]
[WhiteTeam "PTSV Aachen 1"]
[BlackTeam "SF Brand 1"]

1. c4 e6 2. Nf3 d5 3. g3 Nf6 4. Bg2 Be7 5. O-O O-O 6. b3 b6 7. Bb2 Bb7 8. d3 c5 9. e3 dxc4 10. bxc4 Nc6 11. Qe2 Qc7 12. Rd1 Rfd8 13. Nbd2 Rd7 14. Nb3 Rad8 15. d4 cxd4 16. exd4 h6 17. Rac1 Qb8 18. h3 Qa8 {(=)} 1/2-1/2

[Event "SVM_Verbandsliga_West_2023-24"]
[Site "?"]
[Date "2023.12.10"]
[Round "4.6"]
[White "Schülting, David"]
[Black "Krohn, Malte Till"]
[Result "0-1"]
[WhiteElo "1810"]
[BlackElo "1864"]
[PlyCount "62"]
[EventDate "2023.09.03"]
[EventType "team-tourn"]
[EventRounds "9"]
[EventCountry "GER"]
[WhiteTeam "SF Brand 1"]
[BlackTeam "PTSV Aachen 1"]

1. e4 c6 2. Nf3 d5 3. d3 Bg4 4. Be2 Nf6 5. e5 Nfd7 6. d4 Bxf3 7. Bxf3 e6 8. O-O c5 9. c3 Nc6 10. Be3 Be7 11. g3 O-O 12. h4 Rc8 13. Kg2 f6 14. Bg4 f5 15. Be2 Qb6 16. Nd2 Na5 17. Rb1 {(=)} cxd4 18. cxd4 Bxh4 19. gxh4 f4 20. Bg4 fxe3 21. fxe3 Rxf1 22. Qxf1 Nf8 23. Qd3 Qc7 24. Bd1 Qe7 25. Kh3 Ng6 26. Nf3 Rf8 27. Ng5 Rf5 28. Bg4 Rf4 29. Kg3 Rxg4+ 30. Kxg4 Nc6 31. h5 Ngxe5+ ({oder} 31... Ncxe5+) 0-1

[Event "SVM_Verbandsliga_West_2023-24"]
[Site "?"]
[Date "2023.12.10"]
[Round "4.7"]
[White "Klein, Gernot"]
[Black "Offermanns, Robert"]
[Result "1-0"]
[WhiteElo "1741"]
[BlackElo "1833"]
[PlyCount "45"]
[EventDate "2023.09.03"]
[EventType "team-tourn"]
[EventRounds "9"]
[EventCountry "GER"]
[WhiteTeam "PTSV Aachen 1"]
[BlackTeam "SF Brand 1"]

1. e4 e6 2. Qe2 Be7 3. Nf3 Nf6 4. g3 d5 5. d3 O-O 6. Bg2 c5 7. c3 Nc6 8. e5 Nd7 9. O-O Qb6 10. Re1 Re8 11. h4 Nf8 12. Nbd2 f6 13. exf6 Bxf6 14. Nh2 Qc7 15. Bxd5 Bd7 16. Bg2 e5 17. Ng4 Bd8 18. Ne3 h6 19. Ndc4 Bf6 20. Nd5 Qd8 21. Nd6 Bg4 22. Nxf6+ Qxf6 23. Nxe8 1-0